00382nam a2200133 a 450000100100000000500170001000800410002704000250006808200140009324500360010726000370014330000170018050000510019700003379420200930070526.0110912s1849 xxu 000 0 spa d aDO-SdBNPbspacBNPHU axxxbI72t14aThe Works of Washington Irving. aNew York :bG. P. Putnam,c1849. av. ;c20 cm. aLa bibliotea posee los volúmenes III, IV y V